| 000 | 01101nam a2200205 i 4500 | ||
|---|---|---|---|
| 001 | 162662 | ||
| 003 | ES-MaACL | ||
| 005 | 20250719062545.0 | ||
| 008 | 050718s1895 fr |||| | fre d | ||
| 100 | 1 |
_aPrudhomme, Henri. _9131391 |
|
| 245 | 1 | 4 |
_aLes Congrès de Patronage de Lyon et d'Anvers et le Congrès de l'Union Internationale de Droit Pénal / _cpar Henri Prudhomme. |
| 260 |
_aParis : _bDurand et Pedone-Lauriel, _c1895 ( _fImp. G. Saint-Aubin et Thevenot) |
||
| 300 |
_a80 p ; _c23 cm. |
||
| 610 | 2 | 4 |
_aUnión Internacional de Derecho Penal. _9167515 |
| 650 | 4 |
_aDerecho penal- _zFrancia. _9155135 |
|
| 852 |
_aES-MaACL _bR.FOLL.3/1 _jD-77(1) _9168792 _cSVI _dOlim: 193-C-16 _fSello en tinta en portada: "Donativo del Sr. Lastres al Ateneo de Madrid. 1907" _hDonación: Francisco Lastres y Juiz _xEncuadernación holandesa _xEncuadernado con otras obras formando un volumen facticio _gAnotación manuscrita en portada: "Folletos penitenciarios. Tomo 16" |
||
| 903 |
_aLastres y Juiz, Francisco, _d1848-1918 _q1 _ednr _970504 |
||
| 942 |
_2udc _cFOLLETOS |
||
| 999 |
_c162662 _d162662 |
||